000
00310nam a22001337a 4500
008
230907b ||||| |||| 00| 0 eng d
041
_a
eng
080
_2
0691024413
_a
902
082
_a
902SEC
100
_a
20
101
_a
ARKEO
245
_a
CONTROVERSY IN VICTORIAN GEOLOGY
_c
SECORD.A.J
942
_2
udc
_c
BK
999
_c
60292
_d
60292